000 00239nam a2200121Ia 4500
100 _a#N/A
650 _aComputer/ IT
942 _cBK
654 _aashampoo
245 _aAshampoo Burning Studio 2008
260 _b#N/A
546 _aENGLISH
999 _c21383
_d21383